Normal view MARC view
  • Curti, Merle

Entry Nombre Personal

Number of records used in: 1

001 - NUMERO DE CONTROL

  • campo de control: 51110

003 - IDENTIFICADOR DE NUMERO DE CONTROL

  • campo de control: DLC

005 - FECHA Y HORA DE LA ÜLTIMA TRANSACCIÓN

  • campo de control: 20240219150916.0

008 - DATOS DE LONGITUD FIJA

  • campo de control de longitud fija: 800717nn annnnaabn |a aaa

010 ## - NÚMERO DE CONTROL DE LA BIBLIOTECA DEL CONGRESO

  • Número de control LC: n 79114069

035 ## - NUMERO DE CONTROL

  • Número de control: (OCoLC)oca00345855

040 ## - FUENTE DE CATALOGACIÓN

  • Agencia original de catalogación: DLC
  • Lenguaje de catalogación: spa
  • Description conventions: rda
  • Agencia de transcripción: DLC
  • Agencia que lo modifica: OCUCA
  • Agencia que lo modifica: InU
  • Agencia que lo modifica: DLC

046 ## - FECHAS CON CODIFICACIÓN ESPECIAL

  • Fecha de nacimiento: 1897-09-15
  • Fecha de muerte: 1996-03-09
  • Fuente del formato de fecha: edtf

100 1# - ENCABEZAMIENTO - NOMBRE PERSONAL

  • Nombre personal: Curti, Merle
  • Fuller form of name: (Merle Eugene),
  • Fechas asociadas con el nombre: 1897-1996

400 1# - VEÁSE - NOMBRE DE PERSONA

  • Control subfield: nne
  • Personal name: Curti, Merle Eugene,
  • Dates associated with a name: 1897-

400 1# - VEÁSE - NOMBRE DE PERSONA

  • Personal name: Curti, Merle E.
  • Fuller form of name: (Merle Eugene),
  • Dates associated with a name: 1897-1996

670 ## - FUENTE EN LA QUE SE LOCALIZARON DATOS

  • Cita de la fuente: Austria and the U.S., 1926.

670 ## - FUENTE EN LA QUE SE LOCALIZARON DATOS

  • Cita de la fuente: Todd, L.P. Rise of the American nation, c1982:
  • Información localizada: portada (Merle Curti)

670 ## - FUENTE EN LA QUE SE LOCALIZARON DATOS

  • Cita de la fuente: The Social ideas of American educators, 1959:
  • Información localizada: portada (Merle Curti, Professor of History, The University of Wisconsin) página xi (Merle E. Curti)

670 ## - FUENTE EN LA QUE SE LOCALIZARON DATOS

  • Cita de la fuente: OCLC search, Dec. 9, 2009:
  • Información localizada: (emto.: Curti, Merle Eugene, 1897-; Curti, Merle Eugene; Curti, Merle; Curti, Merle, 1897-; use: Merle Curti; Merle E. Curti; Merle Eugene Curti)

670 ## - FUENTE EN LA QUE SE LOCALIZARON DATOS

  • Cita de la fuente: WWWA:
  • Información localizada: v. 11 1993-1996 (Curti, Merle Eugene; historian, educator; b. Papillion, Nebr., Sept. 15, 1897; PhD, Harvard, 1927; d. Mar. 9, 1996)

902 ## - CATALOGADOR

  • Catalogador: VíctorGodínez/190224